| 000 | 00429nam a22001337a 4500 | ||
|---|---|---|---|
| 082 |
_a620.0091415 _bINS _cL-38, P-75 |
||
| 100 |
_aAlex Thomas & Co. _940555 |
||
| 245 |
_aTransactions of the institution of civil engineers of Ireland _cAlex Thomas & Co. |
||
| 260 |
_aDublin. _bAlex Thomas & Co. Ltd Dublin _c1960 |
||
| 300 |
_a202.p: _bVol:86 |
||
| 526 |
_a0 _b0 _c0 _d620_009141500000000_INS |
||
| 650 |
_aMCE _9379 |
||
| 942 |
_2ddc _cBK |
||
| 999 |
_c544818 _d544818 |
||